000 00261nam a22000977a 4500
999 _c262908
_d262907
020 _a 9780439287197
100 _a Andreae, Giles
245 _a Giraffes cannot dance
260 _a New York :
_b Orchard Books, an imprint of Scholastic Inc.
_c 2001.
942 _cBK